Outline of electromagnetic theory
Uloženo v:
| Hlavní autor: | |
|---|---|
| Médium: | Kniha |
| Jazyk: | angličtina |
| Vydáno: |
Nueva York
Regents
1965
|
| Edice: | Unitech outlines
|
| Témata: | |
| Tagy: |
Přidat tag
Žádné tagy, Buďte první, kdo vytvoří štítek k tomuto záznamu!
|
MARC
| LEADER | 00000nam a2200000 a 4500 | ||
|---|---|---|---|
| 001 | UCU3647 | ||
| 003 | CL-VaPUC | ||
| 008 | 960510e19650000US |||||||||||||||||eng|d | ||
| 082 | 0 | 4 | |a 530.141 |b ZAR |2 21 |
| 100 | 0 | |a Zaret, Matthew E |e author |9 360717 | |
| 245 | 1 | 0 | |a Outline of electromagnetic theory |
| 300 | |a 317 p | ||
| 942 | |c BK | ||
| 945 | |d 19960510 00:00:00 |a paguirre | ||
| 260 | |a Nueva York |b Regents |c 1965 | ||
| 500 | |a Including problems with step-by-step solutions | ||
| 650 | 0 | |a Electromagnetismo |9 260123 | |
| 650 | 0 | |a Análisis vectorial |9 260451 | |
| 650 | 7 | |a CAMPOS MAGNETICOS |2 CL-VaPUC |9 360718 | |
| 650 | 0 | |a Propagación de ondas |9 263256 | |
| 583 | |a last modification |c 19960510 00:00:00 |k Rodrigo Vera | ||
| 490 | 0 | |a Unitech outlines | |
| 999 | |c 247585 |d 247583 | ||
| 952 | |0 0 |1 0 |4 0 |6 530_141000000000000_ZAR_1965 |7 0 |8 A |9 263592 |a BIBING |b BIBING |d 2019-11-19 |i 1652869 |o 530.141 ZAR 1965 |p 1652869 |r 2025-01-20 |w 2019-11-19 |y BK |k EIE | ||